Statistics for South America Capitals Map Quiz

Click here to take the quiz!

General Stats

  • This quiz has been taken 57 times
  • The average score is 9 of 12

Answers on the Map

Answers color-coded by a green-red scale on the quiz's map according to % correct below.
 

Answer Stats

Answer% Correct
Buenos Aires
100%
Georgetown
93%
Lima
87%
Brasilia
80%
La Paz/Sucre
80%
Montevideo
80%
Quito
80%
Santiago
80%
Bogota
73%
Caracas
73%
Asuncion
67%
Paramaribo
53%

Score Distribution

Percentile by Number Answered

Percent of People with Each Score

Your Score History

You have not taken this quiz